The changing face of management in China /

Bibliographic Details
Other Authors: Cooke, Fang Lee, Rowlry, Chris
Format: Book
Published: New York: Routledge, 2010.
Subjects:
LEADER 00762cam a2200229 7i4500
001 0000014440
005 20151104090000.0
005 ##20151104114700.0
003 ##MY-KlINT
020 # # |a 9780415463324  
039 # 9 |y 201511041147  |z VLOAD 
090 0 0 |a 658.00951   |b THE 
245 1 4 |a The changing face of management in China /   |c edited by Chris Rowley and Fang Lee Cooke. 
260 # # |a New York:   |b Routledge,   |c 2010. 
300 # # |a xviii, 254p:   |b ill;   |c 24cm. 
500 # # |a Includes bibliographical references and index. 
650 # 0 |a Business enterprises --   |z China  
650 # 0 |a Industrial management --   |z China  
650 # 0 |a Personnel management --   |z China  
700 0 # |a Cooke, Fang Lee  
700 0 # |a Rowlry, Chris  
999 |a 1205068500  |b BOOK  |c Main Non-Fiction  |e INTAN BK